100 Greatest Artists - Statistics

General Stats
  • This quiz has been taken 185 times
  • The average score is 30 of 100
Answer Stats
Hint Answer % Correct
1 The Beatles
95%
35 Michael Jackson
83%
4 The Rolling Stones
77%
3 Elvis Presley
74%
49 Elton John
65%
14 Led Zeppelin
65%
52 Queen
60%
36 Madonna
56%
47 Patti Smith
55%
9 Aretha Franklin
52%
6 Jimi Hendrix
52%
72 AC/DC
50%
2 Bob Dylan
50%
30 Nirvana
49%
51 Pink Floyd
49%
29 The Who
48%
38 John Lennon
47%
27 Prince
47%
39 David Bowie
46%
12 The Beach Boys
45%
75 Eagles
44%
83 Eminem
43%
61 Metallica
43%
31 Johnny Cash
41%
23 Bruce Springsteen
40%
15 Stevie Wonder
40%
85 Black Sabbath
39%
5 Chuck Berry
39%
7 James Brown
39%
18 Marvin Gaye
39%
28 The Clash
39%
41 The Doors
39%
22 U2
38%
88 Jay-Z
36%
46 Janis Joplin
34%
10 Ray Charles
34%
96 Diana Ross & The Supremes
33%
86 Tupac Shakur
32%
59 Aerosmith
31%
55 Eric Clapton
31%
84 James Taylor
31%
65 The Kinks
31%
13 Buddy Holly
30%
92 Guns N' Roses
30%
8 Little Richard
30%
60 The Sex Pistols
30%
73 Radiohead
29%
11 Bob Marley
28%
70 The Police
28%
82 Creedence Clearwater Revival
27%
34 Neil Young
27%
63 Tina Turner
27%
56 Dr. Dre
26%
66 Al Green
24%
67 Cream
24%
21 Otis Redding
23%
16 Sam Cooke
23%
26 The Ramones
23%
95 Lynyrd Skynyrd
22%
97 R.E.M.
21%
68 The Temptations
21%
24 Jerry Lee Lewis
20%
62 Joni Mitchell
20%
42 Van Morrison
20%
37 Roy Orbison
19%
40 Simon and Garfunkel
19%
50 The Band
19%
45 The Byrds
19%
25 Fats Domino
18%
74 Hank Williams
18%
19 The Velvet Underground
18%
91 Tom Petty
18%
90 Carlos Santana
17%
57 Grateful Dead
17%
17 Muddy Waters
17%
32 Smokey Robinson and the Miracles
17%
89 The Yardbirds
17%
77 Beastie Boys
16%
33 The Everly Brothers
16%
79 The Four Tops
16%
44 Public Enemy
15%
48 Run-DMC
14%
100 Talking Heads
14%
80 Elvis Costello
12%
78 The Stooges
12%
20 Bo Diddley
11%
71 Frank Zappa
11%
94 Nine Inch Nails
11%
43 Sly and the Family Stone
11%
53 The Allman Brothers Band
10%
99 Carl Perkins
7%
98 Curtis Mayfield
7%
69 Jackie Wilson
7%
54 Howlin' Wolf
5%
58 Parliament-Funkadelic
5%
81 The Drifters
5%
93 Booker T. and the MGs
3%
87 Gram Parsons
3%
64 Phil Spector
2%
76 The Shirelles
2%
No matching quizzes found
Score Distribution
Percent of People with Each Score
Percentile by Number Answered
Your Score History
You have not taken this quiz